Вакуумная техника: учебное пособие

Bibliographic Details
Main Author: Попов А. Н. Александр Николаевич
Summary:Рассмотрены основные физико-химические процессы, протекающие в вакууме. Описаны методы измерения низких давлений, принципы действия вакуумных насосов и основные типы вакуумных систем. Лабораторные работы охватывают основные темы курса «Вакуумная техника». Для студентов механических, технологических, физических и других факультетов вузов. Может быть полезно аспирантам, преподавателям и инженерно-техническим специалистам, работа которых связана с вакуумной техникой.
Language:Russian
Published: Москва, Инфра-М, 2012
Series:Высшее образование. Бакалавриат
Subjects:
Format: Book
KOHA link:https://koha.lib.tpu.ru/cgi-bin/koha/opac-detail.pl?biblionumber=219396

MARC

LEADER 00000nam0a2200000 4500
001 219396
005 20231101230246.0
010 |a 9785160060316 
010 |a 978-985-475-500-7 
035 |a (RuTPU)RU\TPU\book\239448 
090 |a 219396 
100 |a 20120705d2012 m y0rusy50 ca 
101 0 |a rus 
102 |a RU  |a BY 
105 |a a j 001zy 
200 1 |a Вакуумная техника  |e учебное пособие  |f А. Н. Попов 
210 |a Москва  |c Инфра-М  |a Минск  |c Новое знание  |d 2012 
215 |a 166 с.  |c ил. 
225 1 |a Высшее образование. Бакалавриат 
320 |a Библиогр.: с. 166. 
330 |a Рассмотрены основные физико-химические процессы, протекающие в вакууме. Описаны методы измерения низких давлений, принципы действия вакуумных насосов и основные типы вакуумных систем. Лабораторные работы охватывают основные темы курса «Вакуумная техника». Для студентов механических, технологических, физических и других факультетов вузов. Может быть полезно аспирантам, преподавателям и инженерно-техническим специалистам, работа которых связана с вакуумной техникой. 
606 1 |a Вакуумная техника  |x Физические основы  |2 stltpush  |3 (RuTPU)RU\TPU\subj\1960  |9 30606 
610 1 |a вакуум 
610 1 |a физика 
610 1 |a давление 
610 1 |a получение 
610 1 |a оборудование 
610 1 |a вакуумные насосы 
610 1 |a вакуумные ловушки 
610 1 |a вакуумные системы 
610 1 |a течеискание 
610 1 |a откачка 
610 1 |a конструкционные материалы 
610 1 |a теория 
610 1 |a лабораторные работы 
610 1 |a учебные пособия 
675 |a 621.52(075.8)  |v 3 
700 1 |a Попов  |b А. Н.  |g Александр Николаевич 
801 1 |a RU  |b 63413507  |c 20120705 
801 2 |a RU  |b 63413507  |c 20150615  |g RCR 
900 |a Вакуумная техника 
942 |c BK 
959 |a 82/20120524  |d 5  |e 239,90  |f ЧЗТЛ:1  |f АНЛ:1  |f УФ:3